000 00665nam a2200217 a 4500
001 23595
003 CO-ViMGA
008 141112s2004 ck r 000 u spa d
020 _a9789588350356
040 _aCO-ViMGA
_bspa
_cCO-ViMGA
082 0 4 _a336.39 A539g
100 1 _aAmezquita Zarate, Pascual
_934057
245 1 0 _aGasto publico, deficit fiscal y desarrollo /
_cPascual Amezquita Zarate
260 _aColombia :
_bUniversidad Sergio Arboleda
300 _a132p.
650 1 4 _aDEFICIT FISCAL
_934058
650 1 4 _aGASTOS PUBLICOS
_99683
650 1 4 _aGASTOS PUBLICOS - TEORIAS
_934059
650 1 4 _aPolĂ­ticaS DE GASTO PUBLICO
_934060
942 _2ddc
_cBK
999 _c31713
_d31713